000 00245nam a22000977a 4500
999 _c263624
_d263623
020 _a9780545128285
100 _aJ.K. Rowling.
245 _aThe tales of Beedle the Bard
260 _aLondon :
_b Children's High Level Group
_c 2008.
942 _cBK